000 00490nam a2200181Ia 4500
008 090123s9999 xx 000 0 und d
082 _b26141
_a891.463/बोधे
100 _aबोधे व.बा.
245 _aबुलबुल
250 _a1
260 _bगौरी प्रकाशन
300 _a173
600 _aबोधे व.बा.
630 _aबुलबुल
700 _aबोधे व.बा.
730 _aबुलबुल
942 _cBOOK
999 _c64212
_d64212